| 000 | 01363cad a22002415a 4500 | ||
|---|---|---|---|
| 001 | E152660 | ||
| 008 | 110411s2011 xxk f 000 0 eng d | ||
| 020 | _a9781842196694 | ||
| 035 | _a(Sirsi) u152660 | ||
| 041 | 0 | _aeng | |
| 110 | 2 |
_aRoyal Institution of Chartered Surveyors _94900 |
|
| 245 | 0 | 3 |
_aAn overview of comparison of dispute resolution processes in the UK _bRICS information paper _h[electronic resource] |
| 260 |
_aCoventry _bRICS _c2011 |
||
| 490 | 0 | _aRICS Information Paper | |
| 520 | _aThis paper is intended to give an accurate, non-legalistic and user-friendly overview of the main dispute resolution processes available to the property, land and built environment sectors in the UK. This should assist users in selecting the most suitable dispute resolution process for their particular dispute. The paper compliments the RICS Dispute Resolution Standards (the "Gold Book"). | ||
| 520 | _aOUT OF DATE ARCHIVED 23 DECEMBER 2016 | ||
| 521 | _aAdvanced | ||
| 590 | _aKA | ||
| 651 | 4 |
_aUnited Kingdom _y |
|
| 690 | _aMANAGEMENT-DISPUTE AVOIDANCE, MANAGEMENT AND RESOLUTION-DISPUTE MANAGEMENT AND RESOLUTION | ||
| 856 | 4 | 0 |
_uhttps://www.rics.org/Global/Overview_and_comparison_of_dispute_resolution_services_UK_1st_edition_PGguidance_2011.pdf _zView the information paper free of charge (member-only content) at www.rics.org... |
| 942 | _n0 | ||
| 999 |
_c112152 _d112152 |
||